000 00618nam a22002297a 4500
003 UA-OsUOA
001 93303
007 ta
008 20130117b un ||||| |||| 00| 0 ukr d
100 _aГеоргиевская С.
090 _a821.161.1
_bГ36
942 _cBK
040 _aUA-OsUOA
_brus
_cUA-OsUOA
_dUA-OsUOA
245 _aСтарости не бывать
300 _a768 с.
955 _a3
041 _arus
080 _a821.161.1
260 _aМ.
_bСоветский писатель
_c1976
650 7 _a82 Література. Літературознавство
_2UDC
999 _c379548
_d379548